Konstrukce tvářecích nástrojů : určeno pro posl. fak. strojní /

Hlavní autor: Konečný, František, 1913-1983
Korporativní autor: Vysoké učení technické v Brně
Jazyk: Čeština
Vydáno: Praha : SNTL, 1972
Vydání: 2., nezm. vyd.
Fyzický popis: 190 s. ; 4°
Knihy
Uloženo v:
LEADER 01184nam a22003012a 4500
001 000792474
003 CZ BrMZK
005 20051011112946.0
007 ta
008 051011s1972 xr er|||||||||||cze d
040 |a ABA001  |b cze  |c PNA001  |d ABA001  |d BOA001 
080 |a 621.97.07  |a 621.9.02  |2 undef 
100 1 |a Konečný, František,  |d 1913-1983  |7 jz8000582  |4 aut 
245 1 0 |a Konstrukce tvářecích nástrojů :  |b určeno pro posl. fak. strojní /  |c František Konečný 
250 |a 2., nezm. vyd. 
260 |a Praha :  |b SNTL,  |c 1972  |f (ST 6) 
300 |a 190 s. ;  |c 4° 
500 |a Vyd. Vys. učení techn. v Brně 
500 |a Přehl. použité lit. 
500 |a S obr. a tb. v textu 
500 |a 295 výt. 
710 2 |a Vysoké učení technické v Brně  |7 kn20010709205 
910 |a BOA001  |b TK-A-0142.397-72 
990 |a BK 
991 |b 200510 
996 7 |b 2629953624  |c TK-A-0142.397-72  |l MZK  |r Sklad / do 24 hodin  |n 0  |w 000792474  |u 000030  |a 1  |e BOA001  |j MZK50  |s A 
996 7 |b 2629953625  |c TK-A-0142.397-72  |l MZK  |r Sklad / do 24 hodin  |n 1  |w 000792474  |u 000020  |a 1  |e BOA001  |j MZK50  |s A 
996 6 |b BC-237971  |c TK-A-0142.397-72  |l MZK  |r Sklad / do 24 hodin  |n 0  |w 000792474  |u 000040  |a 1  |e BOA001  |j MZK50  |s P